000 00225nam a2200097Ia 4500
008 230915s9999 xx 000 0 und d
050 _aJC 571. H 86
100 _aJACQUELINE LANGWITH
245 0 _aHUMAN RIGHTS
942 _cBK
999 _c160592
_d160592